01129nab a22002657a 4500999001500000003000400015005001700019008004100036040000700077100004000084245012900124260004200253300001300295500003600308505009600344505008900440650002600529650003000555650003100585650004500616650003000661650004000691773011900731942001300850 c6542d6542OSt20260223125441.0190506c xxu||||| |||| 00| 0 spa d cPJ 97097aFernández, Stefania Soledad10aPrincipales modificaciones introducidas al sistema de Riesgos del Trabajo por la ley 27.348 /cStefania Soledad Fernández. aBuenos Aires :bAbeledoPerrot,c2024. ap. 11-16 aCita: TR LALEY AR/DOC/765/2024. aSumario: I. Introducción.— II. Desarrollo.— III. Conclusión.— IV. Bibliografía. t¿Te interesa el texto completo? Comunicate al correo: koha@justierradelfuego.gov.ar 091316aDERECHO LABORAL 091430aRIESGOS DEL TRABAJO 094942aCOMISIONES MÉDICAS 095144aASEGURADOR POR RIESGOS DEL TRABAJO 091406aINCAPACIDAD LABORAL 091482aLEY SOBRE RIESGOS DEL TRABAJO0 0275193202dBuenos Aires : AbeledoPerrot, 2013-tRevista de derecho laboral y seguridad social. Nº 9 - Mayo 2024 2udccANA